000 00945nam a2200253Ia 4500
003 OSt
005 20221005112555.0
006 a|||||r|||| 00| 0
007 ta
008 221004b |||||||| |||| 00| 0 pan d
020 _a9789382246886 (pbk)
_c200
024 _a26724
037 _b981, 16/12/2015, H.K. Prakashan
_cTextual
040 _aCRL
_cCRL
_bpan
041 _2pan
_apan
082 _aNW44wN50, 153Q3
100 _aਪੁਰੀ, ਨੰਦਿਤਾ ਸੀ.
245 0 _aਗ਼ਿੰਦਗੀ ਦਾ ਨਾਇਕ ਓਮ ਪੁਰੀ
260 _aਚੰਡੀਗੜ੍ਹ
_bਯੁਲੀਸਟਾਰ ਭਾਰਤ
_c2013
300 _a227ਪੰ
_ccm.
700 _a ਜੌਹਲ, ਅਰਵਿੰਦਰ, ੳਗ.
942 _hNW44wN50, 153Q3
_cTEXL
_2cc
999 _c1025295
_d1025295